000 00258nam a2200109Ia 4500
008 200302s9999 xx 000 0 und d
100 _aRoger yee
245 _aHealthcare Spaces No 2
260 _bVisual Reference New york
260 _c2004
300 _a432 P.,
999 _c3100
_d3100